00784cam a2200253 a 450000100100000000500170001000800410002702000150006804000250008308200180010810000380012624500340016426000300019830000200022849000170024865000300026565000310029583000240032691000280035091000070037804900090038595201210039499900150051500000804520200929154416.0901219s1995 sp 000 f spa d a8420646016 aDO-SdBNPbspacBNPHU a863.64bD353m1 aDelibes, Miguel,d1920-20109329713aLa mortaja /cMiguel Delibes. aMadrid :bAlianza,c1995. a62 p. ;c15 cm.1 aAlianza cien 4aCuentos españoles93194 4aLiteratura española9632 0aAlianza cien912832 aCatalogación derivada aWM aBNGR 001054708MOaGRbGRcHDd2009-09-14iLF1l0o863.64 D353mp8045-10r2020-06-25w2020-06-25y4ZPréstamo en sala c7822d7822